| 000 | 00412nam a22001697a 4500 | ||
|---|---|---|---|
| 003 | OSt | ||
| 005 | 20211222102851.0 | ||
| 008 | 211222b |||||||| |||| 00| 0 eng d | ||
| 020 | _a0-7167-0000-X | ||
| 040 | _cHU | ||
| 082 |
_23rd ed _a004.0151 |
||
| 100 |
_aCrusler NANCY _924216 |
||
| 245 | _aDiscrete Mathematics Through Application | ||
| 260 |
_aNewYork _bNewYork |
||
| 300 | _f622 | ||
| 942 |
_2ddc _cBOOKS _n0 |
||
| 999 |
_c23390 _d23390 |
||